000 00486nam a2200181Ia 4500
005 20250326124030.0
008 250326s9999 xx 000 0 und d
037 _aTextbook
040 _aFMSL
_beng
_cFMSL
041 _aeng
_2eng
084 _aXogY K6;1
_qFMSL
100 _aIIC
_9735819
245 0 _aSocial responsibilities of business
_cIIC
260 _aBombay
_bBombay, Manaktalas
_c1966
300 _a292p
942 _cTB
_hXogY K6;1
999 _c1271972
_d1271972